The history of chemistry /

Bibliographic Details
Main Author: Hudson, John, 1943-
Format: Book
Language:English
Published: New York : Chapman & Hall, 1992.
Subjects:

MARC

Tag First Indicator Second Indicator Subfields
LEADER 00000cam a2200000 a 4500
001 in00001095021
005 20150929191429.0
008 920227s1992 nyua b 001 0 eng
010 |a  92008311  
020 |a 041203641X 
020 |a 0412036517 (pbk.) 
035 |a (OCoLC)25507829 
035 |9 AFS8016AM 
040 |a DLC  |c DLC  |d TXA  |d UtOrBLW 
049 |a TXAM 
050 0 0 |a QD11  |b .H84 1992 
082 0 0 |a 540/.9  |2 20 
100 1 |a Hudson, John,  |d 1943- 
245 1 4 |a The history of chemistry /  |c John Hudson. 
264 1 |a New York :  |b Chapman & Hall,  |c 1992. 
300 |a x, 285 pages :  |b illustrations ;  |c 24 cm. 
336 |a text  |b txt  |2 rdacontent 
337 |a unmediated  |b n  |2 rdamedia 
338 |a volume  |b nc  |2 rdacarrier 
504 |a Includes bibliographical references (pages 271-273) and indexes. 
650 0 |a Chemistry  |x History. 
999 |a MARS 
999 f f |s c2d2019f-130e-3f46-90b0-f02cc98f92ae  |i 76fd25d2-d119-3baf-ac3d-d93beac621ac  |t 0 
952 f f |p normal  |a Texas A&M University  |b College Station  |c Sterling C. Evans Library  |d Evans: Library Stacks  |t 0  |e QD11 .H84 1992  |h Library of Congress classification  |i unmediated -- volume  |m A14816609526 
998 f f |a QD11 .H84 1992  |t 0  |l Evans: Library Stacks